| 000 | 01312 a2200265 4500 | ||
|---|---|---|---|
| 001 | 49418 | ||
| 005 | 20260407155757.0 | ||
| 008 | 260407a2018 arg spa d | ||
| 003 | AR-UNSa-BCEJYS | ||
| 040 |
_aAR-UNSa-BCEJYS _bspa _cAR-UNSa-BCEJYS |
||
| 080 |
_a336.226 _xTipos de impuestos. Impuestos directos e indirectos |
||
| 245 | 1 | 0 |
_aImpuestos sobre los bienes personales y a la ganancia mínima presunta _pexplicados y comentados |
| 020 | _a978-987-01-2150-3 | ||
| 250 | _a6a. ed | ||
| 264 | 1 |
_aBuenos Aires : _bErrepar _c2018 |
|
| 300 |
_aix, 143 p. _c27 cm. |
||
| 505 | _a1. Imposición sobre el patrimonio - 2. Hecho imponible - 3.Exenciones - 4. Valuación de bienes - 5. Régimen de responsabilidad sustituida - 6. Liquidación y pago del impuesto - - IMPUESTO A LA GANANCIA MÍNIMA PRESUNTA: 1. Impuesto a la ganancia mínima presunta - 2. Hecho imponible - 3. Bienes exentos, no computables y no considerados como activos - 4. Valuación de bienes - 5. Liquidación y pago del impuesto. | ||
| 041 | _aspa | ||
| 942 | _cBK | ||
| 590 | _aniveau_biblio:m niveau_hierar:0 | ||
| 100 | 1 | _aCeldeiro, Ernesto Carlos | |
| 700 | 1 | _aImirizaldu, Juan José | |
| 700 | 1 | _aRofrano, Guido Omar | |
| 856 | 4 | 1 |
_uhttps://www.biblioeco.unsa.edu.ar/pmb/images/libros/L128084.jpg _yImagen de portada _qimage/jpeg |
| 999 |
_c4836 _d4836 |
||